000 00647nam a2200205 i 4500
001 120888
003 ES-MaACL
005 20260210162112.0
007 t|
008 070214s1931 po r ||||1| por d
100 1 _aPratas, JoaquĆ­n.
_993684
245 1 0 _aSericicultura
_b: o bicho da seda /
_cpor Joaquim Pratas.
260 _aLisboa :
_bEmpresa Nacional de Publicidade,
_c1931.
300 _a64 p. :
_bil. ;
_c17 cm.
490 1 _aCol. rustica. Folhetos do agricultor ;
_v8
650 4 _aSericicultura.
_9136864
830 0 _aCol. rustica. Folhetos do agricultor
_v8
_9186495
852 _aES-MaACL
_j1937-F-10
999 _c120888
_d120888